| 000 | 00000nam##2200000za#4500 |
| 001 | 9.667320 |
| 003 | CaOODSP |
| 005 | 20210615123436 |
| 007 | ta |
| 008 | 150407|2006||||xxc||||| f|0| 0 fre|d |
| 020 | |a0-662-69678-6 |
| 040 | |aCaOODSP|bfre |
| 041 | |aeng |
| 041 | |afre |
| 043 | |an-cn--- |
| 086 | 1 |aNR1-3/2006 |
| 110 | 2 |aConseil national de recherches Canada. |
| 245 | 10|aRépertoire des instituts, programmes et centres de technologie du CNRC |
| 260 | |aOttawa - Ontario : |bConseil national de recherches |c2006. |
| 300 | |aTexte français, 24p. : |bphotographies ; |c28 cm. |
| 520 | 3 |aCe répertoire renferme les coordonnées et le profil de 22 instituts, programmes et centres de technologie du Conseil national de recherches du Canada (CNRC) – par exemple, l’Institut de recherche en biotechnologie, le Programme d’aide à la recherche industrielle et l’Institut Herzberg d’astrophysique. Chaque profil fait état du type de recherche appuyé par l’organisme ou le programme ainsi que des organisations connexes. Les coordonnées comprennent une adresse Web, une adresse postale et un numéro de téléphone. |
| 563 | |aCouverture souple |
| 590 | |a07-31|b2007-08-03 |
| 691 | 07|aRépertoire|2gcpds |
| 691 | 07|aInstitut de recherche|2gcpds |
| 691 | 07|aRecherche scientifique|2gcpds |
| 776 | 0#|tRépertoire des instituts, programmes et centres de technologie du CNRC |w(CaOODSP)9.632587 |
| 776 | 0#|tDirectory of NRC institutes, programs and technology centres |w(CaOODSP)9.688154 |
| 791 | |tDirectory of NRC institutes, programs and technology centres |eeng|w(CaOODSP)9.667319 |